Diálogo social intercultural en territorios multiculturales que acogen procesos de reincorporación : un aporte a la construcción de paz territorial /

Bibliographic Details
Main Author: Pérez de Armiño, Karlos (Author)
Format: Electronic eBook
Language:Spanish
Published: Santiago de Cali : Pontificia Universidad Javeriana, 2023.
Subjects:
Online Access:Digitalia Hispánica

MARC

LEADER 00000nam a2200000Ii 4500
001 DIGEPUJ0445
003 NyNyDIG
006 m o d
007 cr |||||||||||
008 240506s2023 ck a ob 000 0 spa d
035 |a (OCoLC)1428702020 
040 |a DGITA  |b eng  |e rda  |e pn  |c DGITA 
020 |a 9786287618534  |q eBook 
020 |z 9786287618510 
043 |a s-ck--- 
050 1 4 |a JZ5584.C7 ebook 
245 0 0 |a Diálogo social intercultural en territorios multiculturales que acogen procesos de reincorporación :  |b un aporte a la construcción de paz territorial /  |c Karlos Pérez de Armiño [and 7 others]. 
264 1 |a Santiago de Cali :  |b Pontificia Universidad Javeriana,  |c 2023. 
300 |a 1 online resource :  |b illustrations. 
336 |a text  |b txt  |2 rdacontent 
337 |a computer  |b c  |2 rdamedia 
338 |a online resource  |b cr  |2 rdacarrier 
347 |a text file  |2 rdaft 
347 |b PDF 
504 |a Includes bibliographical references. 
588 0 |a Online resource; title from PDF title page (Digitalia, viewed May 6, 2024) 
650 0 |a Peace-building  |z Colombia. 
650 0 |a Transitional justice  |z Colombia. 
650 0 |a Truth commissions  |z Colombia. 
651 0 |a Colombia  |x Relations. 
700 1 |a Pérez de Armiño, Karlos,  |e author. 
791 2 |a Digitalia (Firm),  |e distributor. 
793 0 |g Digitalia eBook Collection:  |a Pontificia Universidad Javeriana 
776 0 8 |i Print version:  |t Diálogo social intercultural en territorios multiculturales que acogen procesos de reincorporación.  |d Santiago de Cali : Pontificia Universidad Javeriana, 2023  |z 9786287618510 
856 4 0 |3 Digitalia Hispánica  |u https://www.digitaliapublishing.com/a/144692/ 
910 |a Premium collection: 2024